00474nam a22001577a 450000500170000001000150001702000110003203500140004303700130005708200120007010000300008224500460011226000550015827000820021330000210029520230202112717.0 aENG-136103 c172.00 aEN-119635 bDBAD/PUB a270.194 aMaududi, Sayyid Abul A'la aInterest/cMaulana Syed Abul A'la Maududi aNew DelhibMarkazi Maktaba Islami Publishersc2013 aD-307, Dawat Nagar, Abul Fazl Enclave, Jamia Nagar, Okhla bNew Delhie110025 a344p.c22cm(pbk)